[Event "ROM-ch U12 Boys"]
[Site "Voineasa"]
[Date "2008.04.18"]
[Round "9"]
[White "Untu, Marius Catalin"]
[Black "Radu, Adrian Costin"]
[Result "0-1"]
[WhiteElo "461"]
[BlackElo "625"]
[PlyCount "150"]
[EventDate "2008.04.08"]
[EventType "swiss"]
[EventRounds "9"]
[EventCountry "ROU"]
[SourceTitle "EXT 2013"]
[Source "ChessBase"]
[SourceDate "2012.11.22"]
[SourceVersion "1"]
[SourceVersionDate "2012.11.22"]
[SourceQuality "1"]

1. e4 e5 2. Nf3 Nc6 3. Bc4 Bc5 4. c3 Nf6 5. d4 exd4 6. cxd4 Bb4+ 7. Bd2 Bxd2+ 8. Nbxd2 d5 9. exd5 Nxd5 10. Qb3 Nce7 11. 0-0 0-0 12. Rfe1 c6 13. a4 Qb6 14. a5 Qxb3 15. Nxb3 Bf5 16. Nc5 b6 17. axb6 axb6 18. Nb3 Rfd8 19. Ne5 Be6 20. Ra3 Rxa3 21. bxa3 Ra8 22. Ra1 Ra4 23. Bxd5 Bxd5 24. Nd2 Rxd4 25. Ndf3 Ra4 26. Nd7 Bxf3 27. gxf3 Nd5 28. Rb1 Ra7 29. Nxb6 Rb7 30. Re1 Kf8 31. Nxd5 cxd5 32. Ra1 Ke7 33. a4 Kd6 34. Kf1 Rb2 35. a5 Kc7 36. a6 Kb8 37. Ke1 Ka7 38. Ra5 d4 39. Ra4 Rb3 40. Ke2 d3+ 41. Kd2 Rb2+ 42. Ke1 Re2+ 43. Kf1 Re6 44. Rd4 Kxa6 45. Rxd3 Kb5 46. Rd7 Rf6 47. Kg2 Kc6 48. Rd3 Rd6 49. Rxd6+ Kxd6 50. Kg3 Ke5 51. f4+ Kf5 52. f3 f6 53. h3 g6 54. h4 h5 55. Kf2 Kxf4 56. Kg2 Ke3 57. Kg3 f5 58. f4 Ke4 59. Kg2 Kxf4 60. Kf2 Kg4 61. Kg2 f4 62. Kf2 f3 63. Kf1 Kxh4 64. Kf2 Kg4 65. Kf1 Kg3 66. Kg1 h4 67. Kh1 Kf2 68. Kh2 Ke2 69. Kh1 f2 70. Kh2 g5 71. Kh3 f1Q+ 72. Kh2 Qf4+ 73. Kh1 h3 74. Kg1 Qf2+ 75. Kh1 Qg2# 0-1